| 000 | 00374nam a22001577a 4500 | ||
|---|---|---|---|
| 020 | _a0471381578 | ||
| 040 | _cNUST | ||
| 082 |
_a515 _bANT |
||
| 100 |
_aHoward Anton _98931 |
||
| 110 |
_aIrl Bivens, Stephen Davis _9125329 |
||
| 245 | _aCalculus | ||
| 250 | _aSeventh Edition | ||
| 260 |
_aNew York: _bJohn Wiley & Sons, _c2002. |
||
| 650 | _2Calculus | ||
| 942 |
_2ddc _cBK |
||
| 999 |
_c611432 _d611432 |
||